Blizzard of Ozz (Record n. 101993)

Dettagli MARC
000 -LEADER
fixed length control field 01169njm a2200325Ia 4500
001 - CONTROL NUMBER
control field A9832
003 - CONTROL NUMBER IDENTIFIER
control field IT-RoPAU
005 - DATE AND TIME OF LATEST TRANSACTION
control field 20220918181149.0
008 - FIXED-LENGTH DATA ELEMENTS--GENERAL INFORMATION
fixed length control field 131025s9999 xx 000 0 und d
040 ## - CATALOGING SOURCE
Original cataloging agency IT-RoPAU
040 ## - CATALOGING SOURCE
Transcribing agency IT-RoPAU
041 ## - LANGUAGE CODE
Language code of text/sound track or separate title INGLESE
999 ## - SYSTEM CONTROL NUMBERS (KOHA)
Koha Dewey Subclass [OBSOLETE] n.d.
100 ## - MAIN ENTRY--PERSONAL NAME
Personal name Osbourne Ozzy
9 (RLIN) 28473
100 ## - MAIN ENTRY--PERSONAL NAME
Relator term Autore musica
9 (RLIN) 28474
100 ## - MAIN ENTRY--PERSONAL NAME
Miscellaneous information Codice autore musica SPICS: 36822
9 (RLIN) 28475
245 ## - TITLE STATEMENT
Title Blizzard of Ozz
250 ## - EDITION STATEMENT
Edition statement 1a ed.
260 ## - PUBLICATION, DISTRIBUTION, ETC. (IMPRINT)
Place of publication, distribution, etc. AUSTRIA
260 ## - PUBLICATION, DISTRIBUTION, ETC. (IMPRINT)
Name of publisher, distributor, etc. JET
Date of publication, distribution, etc. 1980 [1a Ed.:1980 - Ed. Lingua Orig.: 1980]
300 ## - PHYSICAL DESCRIPTION
Extent COMPACT DISC
300 ## - PHYSICAL DESCRIPTION
Dimensions 43 minuti (Testo: 0 pag.)
500 ## - GENERAL NOTE
General note Musica rock.
505 ## - FORMATTED CONTENTS NOTE
Formatted contents note I Don't Know - Crazy Train - Goodbye To Romance - Dee - Suicide Solution - Mr. Crowley - No Bone Movies - Revelation (Mother Earth) - Steal Away (The Night)
650 ## - SUBJECT ADDED ENTRY--TOPICAL TERM
Topical term or geographic name as entry element ROCK [COMPACT DISC]
Relator term Codice MATERIA SPICS: 9949
9 (RLIN) 28476
700 ## - ADDED ENTRY--PERSONAL NAME
Personal name Daisley Bob
Relator term Autore
Miscellaneous information Codice autore SPICS: 36823
9 (RLIN) 28477
700 ## - ADDED ENTRY--PERSONAL NAME
Personal name Rhoads Rhandy
Relator term Autore testo e musica
Miscellaneous information Codice autore testo/musica SPICS: 36824
9 (RLIN) 28478
700 ## - ADDED ENTRY--PERSONAL NAME
Personal name Osbourne Ozzy
Relator term Interprete
Miscellaneous information Codice interprete SPICS: 36822
9 (RLIN) 28479
942 ## - ADDED ENTRY ELEMENTS (KOHA)
Koha item type CD AUDIO
Source of classification or shelving scheme Dewey Decimal Classification
Dati di copia
Withdrawn status Lost status Damaged status Not for loan Home library Current library Date acquired Total Checkouts Full call number Date last seen Price effective from Koha item type Public note
    Buone Condizioni Not For Loan SPICS-MEDIATECA SPICS-MEDIATECA 25/10/2013   A9832 25/10/2013 25/10/2013 CD AUDIO Progr. Ins.: 433 / N.Vol.: 1 / Copie: 1 - Copia rara: n.d. / date import: 01.01.2014 - By Epidotti, Trombetti, Vaglietti
CREDITS: SOCIETA' SAN PAOLO Via A.Severo, 58 - ROMA (RM) & PERIODICI SAN PAOLO SRL Via Giotto, 36 MILANO & CISF Via Giotto, 36 MILANO & EDIZIONI SAN PAOLO SRL,  Piazza Soncino, 5 CINISELLO BALSAMO (MI) -- ITALY